Účtovná závierka v podvojnom účtovníctve podnikateľov k 31.12. 2018

Účtovné právne predpisy ovplyvňujúce zostavenie účtovnej závierky k 31.12.2018. Ilustračné príklady.

Salvato in:
Dettagli Bibliografici
Autore principale: Adamíková, Monika
Natura: Capitolo di libro
Lingua:slovacco
Soggetti:
Tags: Aggiungi Tag
Nessun Tag, puoi essere il primo ad aggiungerne!!

MARC

LEADER 00000naa a2200000 4500
001 0249827
005 20221104111034.9
041 0 |a slo 
044 |a SK 
245 1 0 |a Účtovná závierka v podvojnom účtovníctve podnikateľov k 31.12. 2018  |c Monika Adamíková 
520 |a Účtovné právne predpisy ovplyvňujúce zostavenie účtovnej závierky k 31.12.2018. Ilustračné príklady. 
610 2 0 |a závierka účtovná 
610 2 0 |a závierka účtovná konsolidovaná 
610 2 0 |a podnikatelia 
610 2 0 |a predpisy právne 
610 2 0 |a účtovníctvo podvojné 
100 1 |a Adamíková, Monika